000 00704nam a2200253Ia 4500
001 Z_576
003 CHAP
008 220113s1986 xx 000 0 und d
010 _a163686
040 _cCHAP
090 _aTesis O 371
100 _aOrtega Sánchez, Miguel
_983884
245 _aElementos a considerar en un sistema de producción porcina /
_cpor Miguel Ortega Sánchez
260 _aChapingo, Méx. :
_bEl autor,
_c1986
300 _a84 h.
502 _aTesis (Ing. Agrónomo Esp. en Zootecnia) -- UACH. Departamento de Zootecnia
650 _aGanado porcino
_xMéxico
_945385
901 _aTESIS O 371
902 _aM
910 _a1986
942 _c2
942 _c2
999 _c163686
_d163686